000 01706nam0a2200361 4500
001 RU\NLR\bibl\1659911
005 20260406091711.0
010 _a978-5-7533-0402-5
_91500
021 _aRU
_b2010-47271
_93139
035 _a(NLR Aleph) 001651202
090 _a922934
_c922934
100 _a20100730d2010 |||y0rusy50 ca
101 0 _arus
102 _aRU
105 _ay |||||||||
200 1 _aЗаветные мысли Дмитрия Менделеева
_f[ред.-сост. Татьяна Соколова]
210 _aМосква
_cИзд-во Сретенского монастыря
_d2010
215 _a509, [2] c.
_d20
225 1 _aЗаветные мысли
320 _aБиблиогр.: с. 508
327 1 _aВ кн. также: Воспоминания о Д.И. Менделееве
600 1 _aМенделеев
_bД.И.
_f1834 - 1907
_gДмитрий Иванович
_91557978
_3RU\NLR\auth\66681154
607 _aРоссия
_xОбщественная мысль
_z19 в.
_91402287
_3RU\NLR\auth\66277936
686 _aГ.д(2)Менделеев
686 _aТ3(2)5-72
700 1 _4070
_8rus
_7ca
_aМенделеев
_bД. И.
_cхимик, обществ. деятель
_f1834-1907
_gДмитрий Иванович
_3RU\NLR\AUTH\7761468
_944398
702 1 _4220
_8rus
_7ca
_aСоколова
_bТ. А.
_cлитератор, популяризатор
_gТатьяна Александровна
_3RU\NLR\AUTH\7757414
_940346
801 0 _aRU
_bNLR
_c20100730
_gRCR
801 1 _aRU
_bNLR
_c20100730
942 _cBOOK
980 _aNB